STN EN 60335-2-40/A2: 2009 (36 1055), Elektrické spotrebiče pre domácnosť a na podobné účely. Bezpečnosť Časť 2-40 Osobitné požiadavky na elektrické tepelné čerpadlá, klimatizátory a odvlhčovače vzduchu. Zmena A2
Táto zmena A2 STN EN 60335-2-40: 2004 je slovenskou verziou európskej normy EN 60335-2-40: 2003/A2: 2009. Preklad zabezpečil Slovenský ústav technickej normalizácie. Má rovnaké postavenie ako majú oficiálne verzie
| Corporate Author: | |
|---|---|
| Other Authors: | |
| Format: | Book |
| Language: | Slovak English |
| PhysicalDescription: | 8 s. tab. 30 cm |
| Published: |
Bratislava
Slovenský ústav technickej normalizácie
2009
|
| Subjects: |
MARC
| LEADER | 00000cam a2200000 a 4500 | ||
|---|---|---|---|
| 001 | vtls010000221 | ||
| 003 | SK-MaSNL | ||
| 005 | 20260301083326.0 | ||
| 008 | 160627s2009 xo a f u 000 0 slo | ||
| 015 | |a SNBN2011/03-02729 | ||
| 020 | |c (cen. skup. 09) | ||
| 040 | |a SNK |b slo |c SNK |e AACR2 | ||
| 041 | 1 | |a slo |h eng | |
| 044 | |a xo |c SK | ||
| 046 | |a s |m 20091101 (účin.) | ||
| 072 | 7 | |a 621.3 |x Elektrotechnika |2 konspekt | |
| 080 | |a 621.31 |2 2001 | ||
| 080 | |a 006.7/.8 |2 2001 | ||
| 080 | |a (437.6) |2 2001 | ||
| 080 | |a (4) |2 2001 | ||
| 084 | |a 23.120 |2 ICS | ||
| 130 | 0 | |a STN 36 1055 (STN EN60335-2-40/A2) |9 410013 | |
| 245 | 1 | 0 | |a STN EN 60335-2-40/A2: 2009 (36 1055), Elektrické spotrebiče pre domácnosť a na podobné účely. Bezpečnosť |n Časť 2-40 |p Osobitné požiadavky na elektrické tepelné čerpadlá, klimatizátory a odvlhčovače vzduchu. Zmena A2 |
| 246 | 1 | 0 | |a Elektrické spotrebiče pre domácnosť a na podobné účely |
| 246 | 1 | 0 | |a Bezpečnosť. Časť 2-40 |
| 246 | 1 | 0 | |a Osobitné požiadavky na elektrické tepelné čerpadlá, klimatizátory a odvlhčovače vzduchu. Zmena A2 |
| 246 | 3 | 0 | |a EN 60335-2-40: 2003/A2: 2009 E |
| 260 | |a Bratislava |b Slovenský ústav technickej normalizácie |c 2009 | ||
| 300 | |a 8 s. |b tab. |c 30 cm | ||
| 500 | |a Spracovateľ: MIND Piešťany, Ivan Pobjecký | ||
| 520 | 8 | |a Táto zmena A2 STN EN 60335-2-40: 2004 je slovenskou verziou európskej normy EN 60335-2-40: 2003/A2: 2009. Preklad zabezpečil Slovenský ústav technickej normalizácie. Má rovnaké postavenie ako majú oficiálne verzie | |
| 540 | |a STN vydané na akomkoľvek nosiči sa môžu rozmnožovať a rozširovať iba so súhlasom určenej právnickej osoby |b SÚTN Bratislava |c zákon 264/1999 Z.z. | ||
| 650 | 0 | 7 | |a ventilátory |2 SVKBBPH |9 74748 |
| 650 | 0 | 7 | |a elektrické spotrebiče |2 SVKBBPH |9 58058 |
| 650 | 0 | 7 | |a technické normy a štandardy |z Slovensko |2 SVKBBPH |9 79594 |
| 650 | 0 | 7 | |a technické normy a štandardy |z krajiny Európskej únie |2 SVKBBPH |9 289341 |
| 655 | 7 | |a normy |2 SVKBBPH |9 70643 | |
| 700 | 1 | |a Pobjecký, Ivan |4 trl |9 312134 | |
| 710 | 2 | |a MIND (Piešťany, Slovensko) |4 trl |9 312136 | |
| 710 | 2 | |a Slovenský ústav technickej normalizácie (Bratislava, Slovensko). |b Technická komisia č. 10 Elektrické spotrebiče pre domácnosť a elektrické ručné náradie |4 stn |9 312135 | |
| 774 | 1 | 8 | |t STN EN 60335-2-40: 2004 |d Bratislava: Slovenský ústav technickej normalizácie, 2004 |w vtls009925917 |
| 774 | 1 | 8 | |t STN EN 60335-2-40/A11: 2005 |d Bratislava : Slovenský ústav technickej normalizácie, 2005 |w vtls009880803 |
| 774 | 1 | 8 | |t STN EN 60335-2-40/A12: 2005 |d Bratislava : Slovenský ústav technickej normalizácie, 2005 |w vtls009880805 |
| 774 | 1 | 8 | |t STN EN 60335-2-40/A13: 2012 |d Bratislava : Slovenský ústav technickej normalizácie, 2012 |w vtls010450742 |
| 774 | 1 | 8 | |t STN EN 60335-2-40/A1: 2006 |d Bratislava : Slovenský ústav technickej normalizácie, 2006 |w vtls009833763 |
| 958 | |a OP | ||
| 999 | |c 660262 |d 662192 | ||
| 952 | |a SNK |b SNK |y PREZ |7 0 |p 17A0678747 |o snkSTN EN 60335-2-40/A2 |i snk2010/24733 |8 0 |0 0 |1 0 |4 0 |d 2010-11-10 |l 0 |r 2026-02-23 18:51:28 |w 2026-02-23 | ||
| 952 | |a SNK |b SNK |y PREZ |7 0 |p 17A0678748 |o snkSTN EN 60335-2-40/A2 D1 |i snk2010/24734 |8 0 |0 0 |1 0 |4 0 |d 2010-11-10 |l 0 |r 2026-02-23 18:51:28 |w 2026-02-23 | ||


